Κοντινότερες Πρωτεύουσες από τη Λευκωσία - Statistics

General Stats
  • This quiz has been taken 9 times
  • The average score is 15 of 20
Answer Stats
Πρωτεύουσα Χλμ % Correct
Βηρυτός 241
100%
Δαμασκός 325
100%
Ιερουσαλήμ 415
100%
Άγκυρα 529
100%
Κάιρο 605
100%
Αθήνα 917
100%
Σόφια 1205
100%
Σκόπια 1285
100%
Τίρανα 1367
100%
Βαγδάτη 1032
83%
Βουκουρέστι 1199
83%
Βελιγράδι 1532
83%
Κισινάου 1366
67%
Αμμάν 428
50%
Γιερεβάν 1127
50%
Πρίστινα 1344
50%
Ποντγκόριτσα 1464
50%
Τυφλίδα 1229
33%
Πόλη του Κουβέιτ 1516
33%
Μπακού 1560
33%
No matching quizzes found
Score Distribution
Percent of People with Each Score
Percentile by Number Answered
Your Score History
You have not taken this quiz